Consideraciones cristianas para todos los dias del año, con los Evangelios de los domingos

Detalles Bibliográficos
Autor principal: Croiset, Jean 1656-1738
Formato: Libro
Lenguaje:Spanish
Publicado: Valencia 1829
Materias:
Colección:Banco de datos
Acervo:Biblioteca de la Congregación del Oratorio de San Felipe Neri de México. Iglesia La Profesa
Descripción Física:t. 8°
Tema general:Ascética
Notas:Portada tipográfica con pleca en grabado xilográfico. Texto a renglón seguido con notas a pie de página. Incluye cabecera de título en grabado xilográfico. Tomo con portada y numeración propias. Año del t. 3 publicado en 1829. Paginación: t. 3 536 p. Encuadernación en piel sobre cartón
LEADER 01147nam a22001810004500
035 |a 2511 
041 0 |a spa 
100 1 |a Croiset, Jean  |d 1656-1738 
245 1 0 |a Consideraciones cristianas para todos los dias del año, con los Evangelios de los domingos  |c por el P. Juan Crassét, [sic] de la Compañia de Jesus ; traducidas de órden del Excmo. Sr. D. Simon Lopez, Arzobispo de Valencia 
260 |a Valencia  |b imprenta de D. Benito Monfort, impresor de dicho Señor Arzobispo  |c 1829 
300 |a  t.  |c 8° 
500 |a Portada tipográfica con pleca en grabado xilográfico. Texto a renglón seguido con notas a pie de página. Incluye cabecera de título en grabado xilográfico. Tomo con portada y numeración propias. Año del t. 3 publicado en 1829. Paginación: t. 3 536 p. Encuadernación en piel sobre cartón  
505 0 0 |a t. 3 Desde el domingo de la SSma. Trinidad, hasta el domingo catorce despues de Pentecostes 
650 1 0 |a Ascética 
949 |a Iglesia La Profesa, Biblioteca t. 3 (4733) 
942 |c PROFESA 
943 |g Biblioteca de la Congregación del Oratorio de San Felipe Neri de México. Iglesia La Profesa 
999 |c 949322  |d 949322